000 00644cam a2200229 4500500
005 20260405001753.0
041 _afre
042 _adc
100 1 0 _aLegros, Martin
_eauthor
245 0 0 _aLes vertus économiques du vice
260 _c2014.
500 _a76
690 _aBernard Mandeville
690 _aContrebande
690 _aCorruption
690 _aDrogue
690 _aÉconomie
690 _aProstitution
690 _aVice
786 0 _nPhilosophie magazine | 81 | 7 | 2014-07-01 | p. 6-6 | 1951-1787
856 4 1 _uhttps://shs.cairn.info/magazine-philosophie-magazine-2014-7-page-6?lang=fr&redirect-ssocas=7080
999 _c2050917
_d2050917